Egy török Amerika-térkép 1513-ból

Elmentve itt :
Bibliográfiai részletek
Szerző: Horváth Anna
Dokumentumtípus: Cikk
Megjelent: 1977
Sorozat:Élet és Tudomány
Kulcsszavak:Piri Re'is, Térkép - török - USA
Tárgyszavak:
Online Access:http://misc.bibl.u-szeged.hu/68167
LEADER 00729nab a2200217 i 4500
001 misc68167
005 20241010115734.0
008 220420s1977 hu o 000 hun d
040 |a SZTE Miscellanea Repozitórium  |b hun 
041 |a hun 
100 1 |a Horváth Anna 
245 1 0 |a Egy török Amerika-térkép 1513-ból  |h [elektronikus dokumentum] /  |c  Horváth Anna 
260 |c 1977 
300 |a 946-947  |c 24 cm 
490 0 |a Élet és Tudomány 
561 |a Németh Gyula hagyaték 
591 |a OA 2359 
650 4 |a Bölcsészettudományok 
650 4 |a Történettudomány és régészet 
695 |a Piri Re'is, Térkép - török - USA 
856 4 0 |u http://misc.bibl.u-szeged.hu/68167/1/2359_oa_h84.pdf  |z Dokumentum-elérés